• 首页
  • 本馆介绍
  • 公告通知
  • 最新文献
  • 馆藏检索
  • 电子资源
  • 读者导购
  • 参考咨询
  • 我的图书馆
  • 登录
  • 详细信息显示
  • 放入我的书架
  • 预约/预借图书
  • 作者相关作品
  • 分类相关作品
  • 丛书相关作品
  • 出版社相关作品

书目信息

  • 表格格式
  • 工作单格式
  • 卡片格式
题名:
中外童声合唱精品曲选
    
 
作者: 杨鸿年 编
分册:   西欧
出版信息: 北京   人民音乐出版社  2004
页数: 355页
开本: 30cm
丛书名:
单 册:
中图分类: J652.63
科图分类:
主题词: 儿童歌曲--合唱--世界--选集 , 儿童歌曲 , 合唱
电子资源:
ISBN: 978-7-103-02821-6
000 00842ncm0 2200241 450
001 002661984
005 20070805181016.73
010    @a978-7-103-02821-6@dCNY44.20
100    @a20040202d2004 em y0chiy0110 ea
101 0  @achi
102    @aCN@b110000
105    @ag z 000yy
200 1  @a中外童声合唱精品曲选@9zhong wai tong sheng he chang jing pin qu xuan@e中国交响乐团少年及女子合唱团演唱曲集@i西欧@f杨鸿年编
210    @a北京@c人民音乐出版社@d2004@h2007
215    @a355页@d30cm
517 1  @a中国交响乐团少年及女子合唱团演唱曲集@9zhong guo jiao xiang yue tuan shao nian ji nv zi he chang tuan yan chang qu ji
606 0  @a儿童歌曲@x合唱@y世界@j选集
606 0  @a儿童歌曲
606 0  @a合唱
690    @aJ652.63@v4
701  0 @a杨鸿年@9yang hong nian@c(指挥家)@4编
801  0 @aCN@bNLC@c20070805
905    @a10447@dJ652.63@e412:1
    
    中外童声合唱精品曲选:中国交响乐团少年及女子合唱团演唱曲集.西欧/杨鸿年编.-北京:人民音乐出版社,2004(2007)
    355页;30cm
    
    
    ISBN 978-7-103-02821-6:CNY44.20
    
●
相关链接 在E读中查询图书 在五车中查询图书 在当当中查询图书 在豆瓣中查询图书


正题名:中外童声合唱精品曲选     索取号:J652.63/412:1         预约/预借

序号 登录号 条形码 馆藏地/架位号 状态 备注
1 0805439   208054399   第一样本阅览室/ [索取号:J652.63/412:1] 在馆    
2 0805440   208054406   第一借阅区/ [索取号:J652.63/412:1] 在馆    
3 0805441   208054415   第一借阅区/ [索取号:J652.63/412:1] 在馆    
4 0805442   208054424   第一借阅区/ [索取号:J652.63/412:1] 在馆    
5 0805443   208054433   音乐系资料室/ [索取号:J652.63/412:1] 在馆    
唐山师范学院图书馆 欢迎您!
大连网信软件有限公司© 版权所有